书目信息 |
| 题名: |
批评空间的开创:二十世纪中国文学研究
|
|
| 作者: | 王晓明 主编 | |
| 分册: | ||
| 出版信息: | 上海 东方出版社 1998.07 |
|
| 页数: | 389页 | |
| 开本: | 32开 | |
| 丛书名: | ||
| 单 册: | ||
| 中图分类: | I206.6 | |
| 科图分类: | ||
| 主题词: | 文学--中国 | |
| 电子资源: | ||
| ISBN: | 7-80627-290-9 | |
| 000 | 00616nam0 2200193 45 | |
| 001 | 0011201970 | |
| 005 | 20001120192004.0 | |
| 010 | @a7-80627-290-9@d20.00元 | |
| 100 | @a20001120d1998 km y0chiy0120 ea | |
| 101 | 0 | @achi |
| 105 | @a z 000yy | |
| 200 | 1 | @a批评空间的开创:二十世纪中国文学研究@APi Ping Kong Jian De Kai Chuang:Er Shi Shi Ji Zhong Guo Wen Xue Yan Jiu@f王晓明主编@FWang Xiao Ming Zhu Bian |
| 210 | @a上海@c东方出版社@d1998.07 | |
| 215 | @a389页@d32开 | |
| 606 | 0 | @a文学@x中国 |
| 690 | @aI206.6@v3 | |
| 701 | 0 | @a王晓明@4主编 |
| 801 | @aCN@bPftUser@c20001120 | |
| 905 | @b415554-558@dI206.6@eW542@f5 | |
| 批评空间的开创:二十世纪中国文学研究/王晓明主编.-上海:东方出版社,1998.07 |
| 389页;32开 |
| ISBN 7-80627-290-9:20.00元 |
| ● |
| 相关链接 |
|
|
|
正题名:批评空间的开创:二十世纪中国文学研究
索取号:I206.6/W542
 
预约/预借
| 序号 | 登录号 | 条形码 | 馆藏地/架位号 | 状态 | 备注 |
| 1 | 415554 | 204155546 | 文学库108/108文学库 6排3列4层/ [索取号:I206.6/W542] | 在馆 | |
| 2 | 415555 | 204155555 | 社科二线422/422社科库 23排2列2层/ [索取号:I206.6/W542] | 在馆 | |
| 3 | 415556 | 204155564 | 社科二线422/422社科库 23排2列2层/ [索取号:I206.6/W542] | 在馆 | |
| 4 | 415557 | 204155573 | 社科二线422/422社科库 23排2列2层/ [索取号:I206.6/W542] | 在馆 | |
| 5 | 415558 | 204155582 | 文学库108/108文学库 6排3列4层/ [索取号:I206.6/W542] | 在馆 |